000 00933nam a2200301 i 4500
003 EG-GICUC
005 20260511130906.0
008 260511s1969 fr ||||f |||| 00| 0 fre d
040 _a EG-GICUC
_c EG-GICUC
_d EG-GICUC
_erda
041 _afre
043 _afr#
082 0 4 _221
_a342.052
_bRO.J
092 0 4 _221
_a342.052
_bRO.J
099 _aLaw1 08 342.052 RO.J 1969
100 0 _a Robert , Jacques.
_eAuthor.
245 _aLe Japon /
_cPar Jacques Robert.
264 _aParis :
_bLibraire généerale de droit et de jurisprudence ,
_c1969.
300 _a524 page ;
_c24 CM.
336 _2rda content
_atext
337 _2rda media
_aComputer
338 _2rda carrier
_aOnline Resource
490 _3comment ils sont gouvernés
_vTom XX
650 1 _aDroit constitutionnel
_2qrmak
_zJapon
651 1 _2qrmak
856 4 0 _uhttps://fll.law.cu.edu.eg/fulltext/bks/B08-05456.pdf
905 _a58
942 _2ddc
_cBK
_e21
_n0
999 _c76567
_d76567